مكتبة جامعة عجلون الوطنية

فهرس بحث المكتبة

التوقيع الإلكتروني وحجيته في الإثبات وفقاً لقانون المعاملات الإلكترونية الأردني رقم (15) لعام (2015) = Electronic signature and its evidential value according to the Jordanian Electronic Transactions Law No. (15) of 2015 / (Record no. 33952)

MARC details
000 -LEADER
fixed length control field 01179nam a22002057a 4500
003 - CONTROL NUMBER IDENTIFIER
control field JO-AjAnu
005 - DATE AND TIME OF LATEST TRANSACTION
control field 20250720091533.0
008 - FIXED-LENGTH DATA ELEMENTS--GENERAL INFORMATION
fixed length control field 250719b jo ||||| |||| 00| 0 ara d
040 ## - CATALOGING SOURCE
Original cataloging agency JO-AjAnu
Language of cataloging ara
Transcribing agency JO-AjAnu
Modifying agency JO-AjAnu
Description conventions rda
041 ## - LANGUAGE CODE
Language code of text/sound track or separate title ara
Language code of original ara
050 ## - LIBRARY OF CONGRESS CALL NUMBER
Classification number K564
Item number 2025
100 #1 - MAIN ENTRY--PERSONAL NAME
Personal name ضمرة، تسنيم محمود عبد القادر
Relator term معد
9 (RLIN) 66605
245 ## - TITLE STATEMENT
Title التوقيع الإلكتروني وحجيته في الإثبات وفقاً لقانون المعاملات الإلكترونية الأردني رقم (15) لعام (2015) = Electronic signature and its evidential value according to the Jordanian Electronic Transactions Law No. (15) of 2015 /
Statement of responsibility, etc. اعداد تسنيم محمود عبد القادر ضمرة ؛ اشراف منتصر القضاة
260 ## - PUBLICATION, DISTRIBUTION, ETC.
Date of publication, distribution, etc. 2025
300 ## - PHYSICAL DESCRIPTION
Extent 96 ورقة
504 ## - BIBLIOGRAPHY, ETC. NOTE
Bibliography, etc. note رسالة جامعية(رسالة ماجستير)- جامعة عجلزن الوطنية(عجلون، الاردن)-كلية الحقوق، قسم القانون،2025.
650 70 - SUBJECT ADDED ENTRY--TOPICAL TERM
Topical term or geographic name entry element التوقيعات الرقمية- قوانين وتشريعات.
9 (RLIN) 66606
700 #1 - ADDED ENTRY--PERSONAL NAME
Personal name القضاة، منتصر
9 (RLIN) 64973
Relator term مشرف
942 ## - ADDED ENTRY ELEMENTS (KOHA)
Source of classification or shelving scheme Library of Congress Classification
Koha item type Thesis
Suppress in OPAC No
Holdings
Withdrawn status Lost status Source of classification or shelving scheme Damaged status Not for loan Home library Current library Date acquired Total Checkouts Full call number Barcode Date last seen Price effective from Koha item type
    Library of Congress Classification     مكتبة جامعة عجلون الوطنية مكتبة جامعة عجلون الوطنية 19/07/2025   K564 2025 a30305 19/07/2025 19/07/2025 Thesis
    Library of Congress Classification     مكتبة جامعة عجلون الوطنية مكتبة جامعة عجلون الوطنية 19/07/2025   K564 2025 a30306 19/07/2025 19/07/2025 Thesis